| 000 | 00357nam a2200145Ia 4500 | ||
|---|---|---|---|
| 008 | 150301s2015 xx 000 0 und d | ||
| 082 |
_a615.1 _bI14S |
||
| 100 | _aSETHI , P.D | ||
| 245 | _aIDENTISICATION OF DRUGS IN PHARMACEULITICAL FOR MULATIONS | ||
| 250 | _a2DN | ||
| 260 | _bCBS- DELHI | ||
| 300 | _a253 | ||
| 650 | _aPHARMACEUTICS | ||
| 942 |
_2ddc _cBK |
||
| 999 |
_c7373 _d7373 |
||